ALL ABOUT EVERGREENS (Registro nro. 43508)
[ vista simple ]
| 000 -LEADER | |
|---|---|
| fixed length control field | 00969nam a2200193 a 4500 |
| 001 - CONTROL NUMBER | |
| control field | 43508 |
| 005 - DATE AND TIME OF LATEST TRANSACTION | |
| control field | 20180714022042.0 |
| 008 - FIXED-LENGTH DATA ELEMENTS--GENERAL INFORMATION | |
| fixed length control field | 140415s1984 mx 000 0 eng d |
| 020 ## - INTERNATIONAL STANDARD BOOK NUMBER | |
| International Standard Book Number | 0897210301 |
| 041 ## - LANGUAGE CODE | |
| Language code of text/sound track or separate title | eng |
| 082 ## - DEWEY DECIMAL CLASSIFICATION NUMBER | |
| Classification number | 582.16 |
| Item number | DIR |
| 100 1# - MAIN ENTRY--PERSONAL NAME | |
| Personal name | DIRR, MICHAEL |
| 245 10 - TITLE STATEMENT | |
| Title | ALL ABOUT EVERGREENS |
| 250 ## - EDITION STATEMENT | |
| Edition statement | 1a ed. |
| 260 ## - PUBLICATION, DISTRIBUTION, ETC. | |
| Place of publication, distribution, etc. | MEXICO : |
| Name of publisher, distributor, etc. | ORTHO BOOKS, |
| Date of publication, distribution, etc. | 1984 |
| 300 ## - PHYSICAL DESCRIPTION | |
| Extent | 96 |
| Dimensions | x 21 x 28 |
| 520 ## - SUMMARY, ETC. | |
| Summary, etc. | EN TODO ACERCA DE PLANTAS DE HOJAS PERENNES, APRENDA COMO SELECCIONAR , IDENTIFICAR, PLANTAR, Y CUIDAR CUALQUIER TIPO DE PLANTAS DE HOJAS PERENNES, ÁRBOLES Y MATORRALES. INCLUYE TODAS LAS CONIFERAS CONOCIDAS POPULARMENTE Y LA MAYOR PARTE DE LA DURACIÓN DE VIDA DE LOS ÁRBOLES DE HOJA PERENNE. DOCENAS DE IDEAS PARA PARA LA CREACIÓN DISEÑO Y MANEJO DE LOS PAISAJES CON PLANTAS DE HOJAS PERENNES. MUY UTIL Y PRÁCTICO PARA QUIEN DESEE COMENZAR A CONOCER Y MANEJAR TODAS ESTAS PLANTAS DE HOJAS |
| 650 14 - SUBJECT ADDED ENTRY--TOPICAL TERM | |
| Topical term or geographic name entry element | ARBOLES |
| General subdivision | PLANTAS PERENES |
| Withdrawn status | Lost status | Source of classification or shelving scheme | Damaged status | Not for loan | Collection code | Home library | Current library | Shelving location | Date acquired | Source of acquisition | Inventory number | Total Checkouts | Full call number | Barcode | Date last seen | Price effective from | Koha item type |
|---|---|---|---|---|---|---|---|---|---|---|---|---|---|---|---|---|---|
| Dewey Decimal Classification | General | Biblioteca Karol Wojtyla | Biblioteca Karol Wojtyla | Sala general | 03/12/2013 | Compra | 151000000000000000001013 | 582.16 DIR | 65486 | 05/01/2026 | 03/12/2013 | Libro |